[Event "Philadelphia int op 10th"]
[Site "Philadelphia"]
[Date "2016.07.09"]
[Round "8"]
[White "Slade, Theodore"]
[Black "Bhatia, Aryaman"]
[Result "1-0"]
[WhiteElo "2018"]
[BlackElo "1295"]
[PlyCount "141"]
[EventDate "2016.07.05"]
[EventType "swiss"]
[EventRounds "9"]
[EventCountry "USA"]
[SourceTitle "CBM 173 Extra"]
[Source "ChessBase"]
[SourceDate "2016.08.29"]
[SourceVersion "1"]
[SourceVersionDate "2016.08.29"]
[SourceQuality "1"]

1. d4 d5 2. Nf3 Nf6 3. e3 e6 4. Bd3 c5 5. b3 cxd4 6. exd4 Bd6 7. Bb2 0-0 8. 0-0 Nc6 9. a3 Bd7 10. Nbd2 Rc8 11. Ne5 Qc7 12. f4 Ne8 13. c4 f6 14. Nxd7 Qxd7 15. cxd5 exd5 16. Rc1 f5 17. b4 Nf6 18. Nb3 b6 19. Ba6 Rc7 20. Bb5 Rfc8 21. Qd3 Ne4 22. Rc2 Qe7 23. Bxc6 Rxc6 24. Rxc6 Rxc6 25. Qb5 Qd7 26. Qxd5+ Kf8 27. Rc1 Rxc1+ 28. Nxc1 Nf6 29. Qa8+ Kf7 30. Nd3 Ne4 31. d5 Qc7 32. Qc6 Bxf4 33. Qe6+ Kf8 34. Qxf5+ Nf6 35. Nxf4 Qe7 36. Qe6 Nxd5 37. Qxe7+ Nxe7 38. Ne6+ Kf7 39. Nxg7 Nd5 40. Kf2 a5 41. b5 Nf4 42. Kf3 Nd3 43. Bd4 a4 44. Nh5 Nc1 45. Bxb6 Na2 46. Bd4 Ke6 47. Nf4+ Kd6 48. Nd3 Kd5 49. b6 Kc6 50. Ke4 h5 51. Nb4+ Nxb4 52. axb4 a3 53. Kd3 a2 54. Kc2 a1Q 55. Bxa1 Kxb6 56. Bd4+ Kc6 57. Kd3 Kb5 58. Bc5 Kc6 59. Kc4 Kd7 60. h4 Ke6 61. b5 Kf5 62. Bd6 Kg4 63. g3 Kh3 64. b6 Kg2 65. b7 Kh3 66. b8Q Kg2 67. Kd3 Kh3 68. Ke3 Kg2 69. Qb7+ Kh3 70. Kf2 Kg4 71. Qc8# 1-0

[Event "Philadelphia int op 10th"]
[Site "Philadelphia"]
[Date "2016.07.06"]
[Round "2"]
[White "Odeh, Kenneth"]
[Black "Bhatia, Aryaman"]
[Result "1-0"]
[WhiteElo "2032"]
[BlackElo "1295"]
[PlyCount "55"]
[EventDate "2016.07.05"]
[EventType "swiss"]
[EventRounds "9"]
[EventCountry "USA"]
[SourceTitle "CBM 173 Extra"]
[Source "ChessBase"]
[SourceDate "2016.08.29"]
[SourceVersion "1"]
[SourceVersionDate "2016.08.29"]
[SourceQuality "1"]

1. e4 c5 2. Nc3 d6 3. g3 Nf6 4. Bg2 e6 5. d3 h6 6. Nge2 d5 7. e5 Nfd7 8. f4 Qc7 9. 0-0 Be7 10. Kh1 0-0 11. d4 f5 12. exf6 Nxf6 13. f5 cxd4 14. Nxd4 exf5 15. Nxf5 Rd8 16. Bf4 Qd7 17. Nxd5 Nxd5 18. Qxd5+ Kh8 19. Qxd7 Rxd7 20. Rae1 Bd8 21. Re8+ Kh7 22. Be4 g6 23. Be5 Rg7 24. Nxg7 Nd7 25. Bc3 Bf6 26. Nh5 Bxc3 27. Rf7+ Bg7 28. Rxg7# 1-0